000 00580cab a2200193 4500
001 WB3012-01
008 090401t1994 xxu||||| |||| 00| 0 eng d
035 _a(Sirsi) u10555
041 _aeng
245 _aAuctioneer wins national prize
260 _c1994
350 _a0
490 _aRICS Press Release
_v(PR42/94CORP) 18 March 1994 (2)
520 _aGiles Allen of Dreweatt Neate has won the Junior Organisation auctioneering competition for young surveyors.
650 _aRICS AUCTION COMPETITION
690 _aAuctioneering
_96218
942 _n0
948 _c04/03/1997
999 _c6675
_d6675